Organic scintillators and liquid scintillation counting; proceedings.

Zapisane w:
Opis bibliograficzny
Korporacja: International Conference on Organic Scintillators and Liquid Scintillation Counting San Francisco, Calif.
Kolejni autorzy: Horrocks, Donald L. (ed.), Peng, Chin-Tzu, 1921- (ed.)
Format: Materiały konferencyjne Książka
Język:English
Wydane: New York, Academic Press, 1971.
Hasła przedmiotowe:
LEADER 01198nam a2200277 4500
001 c000136662
003 CARM
005 00000000000000.0
008 710401s1971 nyua b 10100 eng
019 1 |a 218811  |z 57994160  |5 LACONCORD2021 
020 |a 0123562503 
035 |a (OCoLC)131015  |5 LACONCORD2021 
050 0 0 |a QC787.C6  |b I5 1970 
082 0 0 |a 539.7/75 
111 2 0 |a International Conference on Organic Scintillators and Liquid Scintillation Counting  |d (1970 :  |c San Francisco, Calif.) 
245 1 0 |a Organic scintillators and liquid scintillation counting;  |b proceedings.  |c Edited by Donald L. Horrocks [and] Chin-Tzu Peng. 
260 |a New York,  |b Academic Press,  |c 1971. 
300 |a xvi, 1078 p.  |b illus.  |c 24 cm. 
504 |a Includes bibliographical references. 
650 0 |a Liquid scintillation counting  |x Congresses. 
650 0 |a Organic scintillators  |x Congresses. 
700 1 |a Horrocks, Donald L.  |e ed. 
700 1 |a Peng, Chin-Tzu,  |d 1921-  |e ed. 
852 8 |b CARM  |h A2:AD16G0  |i C00615  |p 0034472  |f BK 
999 f f |i d09aff8b-f436-5aca-bbf2-f93cc03e4fdd  |s 666a8033-fcd1-5504-a0d8-eff1ad0a7b76 
952 f f |p Can circulate  |a CAVAL  |b CAVAL  |c CAVAL  |d CARM 1 Store  |e C00615  |f A2:AD16G0  |h Other scheme  |i book  |m 0034472